| 000 | 00523nam a2200181Ia 4500 | ||
|---|---|---|---|
| 001 | 8083 | ||
| 003 | GE_BSU | ||
| 008 | 181216s||||||||xx |||||||||||||| ||und|| | ||
| 040 | _cGE_BSU | ||
| 245 | _aВокруг света. №11 (2878) Ноябрь 2013. | ||
| 245 | _bЖурнал русского географического общества | ||
| 245 | _cГл.ред. А. Монахов | ||
| 260 | _aМосква | ||
| 260 | _c2013 | ||
| 300 | _a204ст;28см. | ||
| 653 | _aВокруг света | ||
| 942 | _cCR | ||
| 999 |
_c41421 _d41421 |
||